000 00723nam a2200229 a 4500
001 42657
003 BD-RjUL
005 20211209053555.0
008 160614s1973 rur 00010 eng d
035 _a(BD-RjUL) 42775
035 _a763883
040 _aANL
_beng
_dANL
_dBD-RjUL
_cBD-RjUL
041 _aeng
082 0 _a324.24707209041
_222
_bLEO 1973
100 1 _aLenin, Vladimir Ilich,
_d1870-1924.
_9131133
245 1 0 _aOne step forward, two steps back (the crisis in our party) /
_cV.I. Lenin.
260 _aMoscow :
_bProgress Publishers,
_c1973
300 _a229 p. ;
_c17 cm.
500 _aTranslation of Shag vpered, dva shaga nazad.
650 0 _aCommunism
_zSoviet Union
_xHistory.
_9131134
942 _2ddc
_cBK
999 _c42657
_d42657